000 00333 a2200145 4500
001 121458
020 _a9788540308893
040 _cEscola Canadense de Niteroi
100 _aMaria Amélia Vieira
245 1 0 _aViver Valores - Geografia 2º Ano
362 0 _a2018
490 0 _aViver Valores
650 4 _aGeografia
942 _cBK
999 _c121458
_d121458